Dors précedé de dire la poésie

محفوظ في:
التفاصيل البيبلوغرافية
المؤلف الرئيسي: Roubaud, Jacques (مؤلف)
التنسيق: كتاب
اللغة:الفرنسية
منشور في: París Gallimard 1981
الطبعة:1a. ed
الموضوعات:
الوسوم: إضافة وسم
لا توجد وسوم, كن أول من يضع وسما على هذه التسجيلة!

MARC

LEADER 00000cam a2200000 a 4500
001 UCD7810
003 CL-VaPUC
008 170407e19810000fr |||||||||||||||||fre|d
082 0 4 |a 841  |b ROU  |2 21 
100 0 |a Roubaud, Jacques  |e author  |9 591763 
245 1 0 |a Dors précedé de dire la poésie 
250 |a 1a. ed 
300 |a 141 p 
942 |c BK 
945 |d 20170407 16:56:00  |a arojas 
260 |a París  |b Gallimard  |c 1981 
650 0 |a Poesías francesas  |9 265467 
650 0 |a Literatura francesa  |9 266330 
583 |a last modification  |c 20170407 16:56:00  |k Rodrigo Vera 
999 |c 367713  |d 367711 
952 |0 0  |1 0  |3 erb  |4 0  |6 841_000000000000000_ROU_1981  |7 0  |8 A  |9 482732  |a BIBART  |b BIBART  |i 538608K  |o 841 ROU 1981  |p 538608K  |r 2025-03-13  |w 2019-11-24  |y BK  |z Catalogado en:20170407  |k ART